01016nam a2200289Ia 4500001000700000003000500007008004100012010001100053020001800064040000900082082001500091245014700106260003800253300001600291503005500307504002100362650002500383650003400408700012400442901001500566902000600581910000900587942000600596942000700602999001900609952009800628Z_6097CHAP220113s2000 xx 000 0 und d a169328 a84-8322-155-1 cCHAP a657.76 C66 aContabilidad de costos y estratégica de gestión /cCarlos Mallo; coautor Robert S. Kaplan; coautor Sylvia Mejia; coautor Carlos Giménez aEspaña :bPrentice Hall,c2000 axvi, 786 p. aej.1: Donado por la Profa. Maldonado Simán, Ema aIncluye índice aContabilidad 927421 aContabilidad de Costos927425 aI. Mallo, Carlos, autor II. Kaplan, Robert S., coaut. III. Mejía, Sylvia, coaut. IV. Giménez Carlos, coaut.9143931 a657.76 C66 aA a2000 c1 cc1 c169328d169328 00102ddc40708GRALaZbZc1d2011-11-25pz_2157r2022-01-18 00:00:00t1w2022-01-18yLIBRO